[Event "EYTCC-G"]
[Site "?"]
[Date "2017.08.23"]
[Round "7.16"]
[White "Nestorovic, Katarina"]
[Black "Krzysztynska, Anna"]
[Result "1-0"]
[BlackElo "1717"]
[WhiteElo "1941"]
[LiveChessVersion "1.4.6"]

1. e4 {[%clk 1:30:57]} e5 {[%clk 1:30:49]} 2. Bc4 {[%clk 1:31:18]} Nc6
{[%clk 1:30:56]} 3. d3 {[%clk 1:30:17]} Nf6 {[%clk 1:30:27]} 4. Nc3
{[%clk 1:30:32]} Bc5 {[%clk 1:28:26]} 5. f4 {[%clk 1:30:45]} d6 {[%clk 1:27:41]}
6. Nf3 {[%clk 1:30:44]} Bg4 {[%clk 1:20:47]} 7. Na4 {[%clk 1:20:46]} Qe7
{[%clk 0:55:42]} 8. Nxc5 {[%clk 1:17:41]} dxc5 {[%clk 0:55:57]} 9. h3
{[%clk 1:16:35]} Bxf3 {[%clk 0:53:33]} 10. Qxf3 {[%clk 1:12:58]} Nd4
{[%clk 0:53:11]} 11. Qf2 {[%clk 1:09:32]} exf4 {[%clk 0:41:14]} 12. Bxf4
{[%clk 1:08:39]} b5 {[%clk 0:37:36]} 13. Bb3 {[%clk 1:08:52]} O-O
{[%clk 0:30:35]} 14. O-O {[%clk 1:02:51]} Nh5 {[%clk 0:27:09]} 15. Be3
{[%clk 0:59:17]} Qd7 {[%clk 0:21:37]} 16. Bxd4 {[%clk 0:50:42]} Qxd4
{[%clk 0:20:31]} 17. Qxd4 {[%clk 0:50:55]} cxd4 {[%clk 0:21:00]} 18. Rf5
{[%clk 0:50:58]} Nf6 {[%clk 0:20:40]} 19. e5 {[%clk 0:48:00]} Nd7
{[%clk 0:20:34]} 20. e6 {[%clk 0:47:29]} Nf6 {[%clk 0:20:47]} 21. exf7+
{[%clk 0:47:00]} Kh8 {[%clk 0:21:10]} 22. Rxb5 {[%clk 0:46:42]} g6
{[%clk 0:19:12]} 23. Re1 {[%clk 0:46:14]} Kg7 {[%clk 0:19:21]} 24. Rc5
{[%clk 0:45:33]} a5 {[%clk 0:18:36]} 25. a4 {[%clk 0:45:34]} Ra7 {[%clk 0:18:43]}
26. g4 {[%clk 0:40:34]} Nd7 {[%clk 0:14:55]} 27. Rd5 {[%clk 0:38:03]} Rxf7
{[%clk 0:14:06]} 28. Rxd4 {[%clk 0:38:17]} c5 {[%clk 0:14:20]} 29. Rd6
{[%clk 0:38:34]} Kf8 {[%clk 0:10:42]} 30. Bxf7 {[%clk 0:38:30]} Kxf7
{[%clk 0:11:10]} 31. Kf2 {[%clk 0:37:00]} Nf8 {[%clk 0:08:00]} 32. c3
{[%clk 0:35:05]} Rb7 {[%clk 0:08:08]} 33. Re2 {[%clk 0:35:27]} Ra7
{[%clk 0:08:31]} 34. Re5 {[%clk 0:33:33]} Nd7 {[%clk 0:08:12]} 35. Red5
{[%clk 0:33:51]} Ke7 {[%clk 0:08:30]} 36. Rxd7+ {[%clk 0:34:13]} Rxd7
{[%clk 0:08:49]} 37. Rxd7+ {[%clk 0:34:38]} Kxd7 {[%clk 0:09:14]} 38. Ke3
{[%clk 0:34:53]} Ke6 {[%clk 0:09:27]} 39. Ke4 {[%clk 0:34:58]} Kd6
{[%clk 0:09:15]} 40. d4 {[%clk 1:05:11]} cxd4 {[%clk 0:39:40]} 41. Kxd4
{[%clk 1:05:31]} h6 {[%clk 0:39:12]} 42. b4 {[%clk 1:05:55]} axb4
{[%clk 0:39:35]} 43. cxb4 {[%clk 1:06:20]} Kc6 {[%clk 0:40:01]} 44. b5+
{[%clk 1:06:24]} Kb6 {[%clk 0:40:24]} 45. Kc4 {[%clk 1:06:38]} h5
{[%clk 0:40:26]} 46. a5+ {[%clk 1:06:13]} Kb7 {[%clk 0:40:21]} 47. Kc5
{[%clk 1:06:26]} Kc7 {[%clk 0:40:46]} 48. b6+ {[%clk 1:06:50]} Kb8
{[%clk 0:40:46]} 49. a6 {[%clk 1:06:52]} hxg4 {[%clk 0:40:50]} 50. hxg4
{[%clk 1:07:06]} g5 {[%clk 0:41:04]} 51. Kc6 {[%clk 1:07:21]} Ka8
{[%clk 0:41:20]} 52. b7+ {[%clk 1:07:16]} Kb8 {[%clk 0:41:36]} 53. a7+
{[%clk 1:07:25]} Kxa7 {[%clk 0:42:01]} 54. Kc7 {[%clk 1:07:50]} 1-0

[Event "EYTCC-G"]
[Site "?"]
[Date "2017.08.23"]
[Round "7.18"]
[White "Vrtiakova, Anna"]
[Black "Kassay, Lilla"]
[Result "1-0"]
[BlackElo "2011"]
[WhiteElo "1971"]
[LiveChessVersion "1.4.6"]

1. e4 {[%clk 1:30:57]} c5 {[%clk 1:30:54]} 2. Nf3 {[%clk 1:31:19]} d6
{[%clk 1:31:18]} 3. d4 {[%clk 1:31:41]} cxd4 {[%clk 1:31:41]} 4. Nxd4
{[%clk 1:32:06]} Nf6 {[%clk 1:32:04]} 5. Nc3 {[%clk 1:32:29]} a6 {[%clk 1:32:28]}
6. Be3 {[%clk 1:32:41]} e5 {[%clk 1:32:51]} 7. Nb3 {[%clk 1:32:57]} Be6
{[%clk 1:33:11]} 8. f4 {[%clk 1:32:19]} exf4 {[%clk 1:32:48]} 9. Bxf4
{[%clk 1:32:42]} Nc6 {[%clk 1:32:41]} 10. h3 {[%clk 1:30:29]} Be7
{[%clk 1:31:21]} 11. Qe2 {[%clk 1:30:08]} Ne5 {[%clk 1:29:21]} 12. O-O-O
{[%clk 1:27:18]} Qc7 {[%clk 1:23:10]} 13. Kb1 {[%clk 1:24:14]} O-O
{[%clk 1:17:42]} 14. g4 {[%clk 1:18:14]} b5 {[%clk 1:14:37]} 15. g5
{[%clk 1:12:01]} Nfd7 {[%clk 1:14:15]} 16. Nd5 {[%clk 1:09:17]} Bxd5
{[%clk 1:14:26]} 17. exd5 {[%clk 1:09:25]} Rfe8 {[%clk 1:03:19]} 18. Qf2
{[%clk 1:03:10]} b4 {[%clk 0:57:44]} 19. h4 {[%clk 0:59:48]} a5 {[%clk 0:55:21]}
20. Nd4 {[%clk 0:56:23]} a4 {[%clk 0:50:47]} 21. Bc1 {[%clk 0:47:44]} Nc5
{[%clk 0:37:34]} 22. Qg2 {[%clk 0:39:48]} b3 {[%clk 0:27:32]} 23. cxb3
{[%clk 0:35:13]} axb3 {[%clk 0:27:39]} 24. a3 {[%clk 0:35:31]} Bf8
{[%clk 0:22:05]} 25. h5 {[%clk 0:32:29]} Qb6 {[%clk 0:15:45]} 26. Rh3
{[%clk 0:26:37]} Rec8 {[%clk 0:12:38]} 27. g6 {[%clk 0:22:48]} fxg6
{[%clk 0:12:20]} 28. hxg6 {[%clk 0:23:10]} h6 {[%clk 0:11:02]} 29. Be3
{[%clk 0:18:19]} Qb7 {[%clk 0:09:14]} 30. Bb5 {[%clk 0:15:07]} Ra5
{[%clk 0:08:20]} 31. Bc6 {[%clk 0:13:16]} Qa6 {[%clk 0:08:05]} 32. Bxh6
{[%clk 0:06:40]} gxh6 {[%clk 0:08:11]} 33. g7 {[%clk 0:06:50]} Bxg7
{[%clk 0:07:35]} 34. Nf5 {[%clk 0:06:58]} Rc7 {[%clk 0:07:22]} 35. Nxh6+
{[%clk 0:02:45]} Kf8 {[%clk 0:07:27]} 36. Rf1+ {[%clk 0:02:39]} Nf7
{[%clk 0:07:15]} 37. Nf5 {[%clk 0:02:42]} Bf6 {[%clk 0:04:57]} 38. Rg3
{[%clk 0:00:54]} Ng5 {[%clk 0:03:41]} 39. Nxd6 {[%clk 0:00:44]} Nce4
{[%clk 0:03:19]} 40. Nxe4 {[%clk 0:30:46]} Nxe4 {[%clk 0:33:41]} 41. Rg8+
{[%clk 0:29:49]} Ke7 {[%clk 0:32:53]} 42. Qxe4+ {[%clk 0:29:59]} 1-0